000 00558nam a2200193 a 4500
001 10093
003 CO-ViMGA
008 141112s2004 ck r 000 u spa d
020 _a8433567993
040 _aCO-ViMGA
_bspa
_cCO-ViMGA
082 0 4 _aR617.632 W147
100 1 _aWaite ; Ian M, Strahan J. Dermot,
_912819
245 1 0 _aAtlas en color de CirugĂ­a Periodontal
260 _aBarcelona :
_bMosby Year Book,
_c1992
300 _a63p. : il. color
650 1 4 _aCIRUGIA PERIODONTAL
_912820
650 1 4 _aTRATAMIENTO PERIODONTAL
_912821
942 _2ddc
_cBK
999 _c21467
_d21467